[Event "Muensterland Verbandsklasse 1617"]
[Site "Germany"]
[Date "2017.03.04"]
[Round "7.6"]
[White "Glotzbach, Thomas"]
[Black "Leismann, Franz Josef"]
[Result "1-0"]
[WhiteElo "1735"]
[BlackElo "1548"]
[PlyCount "77"]
[EventDate "2016.09.24"]
[EventType "team"]
[EventRounds "9"]
[EventCountry "GER"]
[SourceTitle "EXT 2018"]
[Source "ChessBase"]
[SourceDate "2017.10.13"]
[SourceVersion "1"]
[SourceVersionDate "2017.10.13"]
[SourceQuality "1"]
[WhiteTeam "Muenster Indische Dame"]
[BlackTeam "Beelen II"]
[WhiteTeamCountry "GER"]
[BlackTeamCountry "GER"]

1. e4 d5 2. exd5 Nf6 3. Nf3 Nxd5 4. d4 Nc6 5. c4 Nf6 6. d5 Nb8 7. Bd3 Bg4 8. 0-0 c6 9. Nc3 e6 10. dxe6 Bxe6 11. Ng5 Nbd7 12. Nxe6 fxe6 13. Qe2 e5 14. Bg5 Be7 15. Rad1 Qc7 16. Bf5 Kf7 17. Rfe1 Rhe8 18. Qf3 Kg8 19. Qh3 Nf8 20. Bxf6 Bxf6 21. Ne4 Qe7 22. c5 Red8 23. Rd6 b6 24. b4 a5 25. Rxc6 axb4 26. Nd6 bxc5 27. Qb3+ Ne6 28. Bxe6+ Kf8 29. Nf5 Qa7 30. Bd5 Rab8 31. Rc1 Qd7 32. Ne3 Bg5 33. Bf3 Bxe3 34. Qxe3 Ra8 35. Qxc5+ Kg8 36. Qxe5 Kh8 37. Rc7 Rac8 38. g3 Rxc7 39. Rxc7 1-0

[Event "Muensterland Verbandsklasse 1617"]
[Site "Germany"]
[Date "2016.11.12"]
[Round "3.8"]
[White "Leismann, Franz Josef"]
[Black "Kratz, Alexander"]
[Result "1/2-1/2"]
[WhiteElo "1548"]
[BlackElo "1555"]
[PlyCount "46"]
[EventDate "2016.09.24"]
[EventType "team"]
[EventRounds "9"]
[EventCountry "GER"]
[SourceTitle "EXT 2018"]
[Source "ChessBase"]
[SourceDate "2017.10.13"]
[SourceVersion "1"]
[SourceVersionDate "2017.10.13"]
[SourceQuality "1"]
[WhiteTeam "Beelen II"]
[BlackTeam "Sendenhorst"]
[WhiteTeamCountry "GER"]
[BlackTeamCountry "GER"]

1. e4 e6 2. d4 d5 3. exd5 exd5 4. Bd3 Bd6 5. Nf3 Nf6 6. c3 h6 7. h3 0-0 8. 0-0 Re8 9. Be3 Nbd7 10. Nbd2 Nf8 11. Ne5 Bxe5 12. dxe5 Rxe5 13. Bd4 Re8 14. Nf3 Qd6 15. Bc2 c5 16. Bxf6 Qxf6 17. Qxd5 Bd7 18. Qh5 Bc6 19. Nh2 Re5 20. Qd1 h5 21. f4 Rd5 22. Qe2 Re8 23. Qf2 b6 1/2-1/2

[Event "Muensterland Verbandsklasse 1516"]
[Site "Germany"]
[Date "2016.04.30"]
[Round "8.7"]
[White "Scharlow, Siegmar"]
[Black "Leismann, Franz Josef"]
[Result "1/2-1/2"]
[WhiteElo "1776"]
[BlackElo "1546"]
[PlyCount "81"]
[EventDate "2015.09.19"]
[EventType "team"]
[EventRounds "9"]
[EventCountry "GER"]
[SourceTitle "EXT 2017"]
[Source "ChessBase"]
[SourceDate "2016.10.25"]
[SourceVersion "1"]
[SourceVersionDate "2016.10.25"]
[SourceQuality "1"]
[WhiteTeam "Nienberge II"]
[BlackTeam "Beelen II"]
[WhiteTeamCountry "GER"]
[BlackTeamCountry "GER"]

1. d4 Nf6 2. c4 g6 3. Nc3 Bg7 4. e4 d6 5. f3 Nc6 6. Be3 0-0 7. Qd2 e5 8. d5 Nd4 9. Nge2 c5 10. dxc6 Nxc6 11. Ng3 Nd4 12. Bd3 Ne6 13. 0-0 b6 14. Bc2 Qe7 15. Rfd1 Rd8 16. Nd5 Nxd5 17. cxd5 Nc5 18. b4 Nd7 19. Rac1 Bb7 20. Ba4 Rac8 21. Bc6 Nb8 22. Bxb7 Qxb7 23. b5 Nd7 24. Rc6 Nb8 25. Rcc1 Nd7 26. Ne2 Nc5 27. Rc4 Qd7 28. Nc3 Rc7 29. Qb2 Rdc8 30. Qa3 Bf8 31. Qb4 Qd8 32. Qb1 Qe8 33. Bxc5 Rxc5 34. Rxc5 Rxc5 35. Rd3 Bh6 36. Qb2 Qc8 37. Kf2 f5 38. h3 fxe4 39. fxe4 Qd8 40. Rf3 Qh4+ 41. Kf1 1/2-1/2